A solution to Africa's political and economic problems from 1975 to the year 2005 / (Record no. 2843)

MARC details
000 -LEADER
fixed length control field 00794nam a2200253 i 4500
001 - CONTROL NUMBER
control field 3149768
003 - CONTROL NUMBER IDENTIFIER
control field OSt
005 - DATE AND TIME OF LATEST TRANSACTION
control field 20230627113515.0
008 - FIXED-LENGTH DATA ELEMENTS--GENERAL INFORMATION
fixed length control field 780626s1976 ug 000 0 eng
010 ## - LIBRARY OF CONGRESS CONTROL NUMBER
LC control number 73980296
040 ## - CATALOGING SOURCE
Original cataloging agency DLC
Transcribing agency DLC
Modifying agency DLC
043 ## - GEOGRAPHIC AREA CODE
Geographic area code f------
082 00 - DEWEY DECIMAL CLASSIFICATION NUMBER
Classification number 335
Item number JER
100 1# - MAIN ENTRY--PERSONAL NAME
Personal name Jerome, Abraham,
Dates associated with a name 1935-
245 12 - TITLE STATEMENT
Title A solution to Africa's political and economic problems from 1975 to the year 2005 /
Statement of responsibility, etc. W. A. Jerome.
260 ## - PUBLICATION, DISTRIBUTION, ETC. (IMPRINT)
Place of publication, distribution, etc. Kampala :
Name of publisher, distributor, etc. East African Literature Bureau,
Date of publication, distribution, etc. 1976.
300 ## - PHYSICAL DESCRIPTION
Extent v, 175 p. ;
Dimensions 19 cm.
490 0# - SERIES STATEMENT
Series statement His National agrarianism ; v. 3
651 #0 - SUBJECT ADDED ENTRY--GEOGRAPHIC NAME
Geographic name Africa
General subdivision Economic policy.
651 #0 - SUBJECT ADDED ENTRY--GEOGRAPHIC NAME
Geographic name Africa
General subdivision Social policy.
651 #0 - SUBJECT ADDED ENTRY--GEOGRAPHIC NAME
Geographic name Africa
General subdivision Politics and government.
906 ## - LOCAL DATA ELEMENT F, LDF (RLIN)
a 7
b cbc
c orignew
d 3
e ncip
f 19
g y-gencatlg
942 ## - ADDED ENTRY ELEMENTS (KOHA)
Source of classification or shelving scheme Dewey Decimal Classification
Koha item type Books
Holdings
Withdrawn status Lost status Source of classification or shelving scheme Damaged status Not for loan Home library Current library Date acquired Total Checkouts Full call number Barcode Date last seen Price effective from Koha item type
    Dewey Decimal Classification     County Hall Archives County Hall Archives 06/27/2023   335 JER 10000667 06/27/2023 06/27/2023 Books
LIBRARY OPENING HOURS

When the Parliament is sitting: 8.00a.m - 7.00p.m or until the house adjourns
Mondays and Fridays and when the House is on Recess:  8.00a.m - 5.00p.m
Closed on Weekends and Public Holidays

Online Public Access Catalog (OPAC)
Website: http://www.parliament.go.ke
Bunge Library: https://libraryir.parliament.go.ke
Contact: library@parliament.go.ke | Tel no: (254-2)2221291 or 2848000 Ext 5043